000 00495nam a2200181Ia 4500
005 20250425161613.0
008 250425s9999 xx 000 0 und d
041 _aeng
082 _a574.52632
100 _aS, A A
245 0 _aSOME OBSERVATIONS CONCERNING THE DEVELOPMENT OF THE MANGROVE SWAMPS ON THE CONTINENTAL COAST OS ECUADOR AND TUMBEZ (PERU)
250 _aS.E.
260 _aEcuador
_bESPOL
_c1981
260 _aGUAYAQUIL
500 _aFOLLETO
942 _c01
010 _a24073
999 _c212417
_d212417